000 01081nam a2200265Ia 4500
003 OSt
005 20220923211210.0
006 a|||||r|||| 00| 0
007 ta
008 220922b |||||||| |||| 00| 0 san d
020 _a9788121703406 (hbk)
_c495
024 _a353,065
037 _b258, 18/12/2019, Eastern Book Linkers
_cTextual
040 _aARTS
_cARTS
_bsan
041 _2san
_asan
082 _aO150a4, 152Q9
100 _aबैरवा, घनश्याम, ले.
_9159493
245 0 _aआधुनिक संस्कृत साहित्य और संस्कृत पत्रकारिता
246 _aĀdhunik sanskṛut sāhitya aur sanskṛut patrakāritā
260 _aदिल्ली
_b भारतीय विद्या प्रकाशन
_c2019
300 _a183पृ0
_ccm.
650 _aसंस्कृत साहित्य
_9159494
942 _hO150a4, 152Q9
_cTEXL
_2CC
999 _c296711
_d296711